Geography - W - Statistics

General Stats
  • This quiz has been taken 43 times
  • The average score is 6 of 15
Answer Stats
Hint Answer % Correct
The capital city of New Zealand. Wellington
97%
Known in its native language as Cymru. Wales
85%
Belgian region spanning half the country. Wallonia
68%
Major city in China's Hubei province. Wuhan
65%
Medieval kingdom which eventually grew into England in 886. Wessex
62%
The only African colony which hasn't gained its independence. Western Sahara
56%
One of two major lakes in Canada's Manitoba province. Winnipeg
56%
Term for a seasonal river, especially in the Middle East. Wadi
50%
Medieval Transylvanian realm; frequently changed hands between the Ottomans and Hungary. Wallachia
29%
The namesake of a Napoleonic client state formed in 1807. Warsaw
24%
The only major Chinese coastal city to not fall under Japanese occupation in WWII. Wenzhou
18%
The second of two major lakes in Canada's Manitoba province. Winnipegosis
12%
A diminutive name by which ancient China knew Japan. Wa
6%
The river that the previous answer lies on, in the country's native language. Wisła
6%
The Egyptian city of Thebes in the ancient Egyptian language. Waset
3%
No matching quizzes found
Score Distribution
Percent of People with Each Score
Percentile by Number Answered
Your Score History
You have not taken this quiz